[Event "Flims op 10th"]
[Site "Flims"]
[Date "2021.12.19"]
[Round "4"]
[White "Sijbring, Henk"]
[Black "Loeffler, Markus"]
[Result "0-1"]
[WhiteElo "1605"]
[BlackElo "2280"]
[PlyCount "110"]
[EventDate "2021.12.17"]
[EventType "swiss"]
[EventRounds "5"]
[EventCountry "SUI"]
[SourceTitle "EXT 2023"]
[Source "ChessBase"]
[SourceDate "2022.10.05"]
[SourceVersion "1"]
[SourceVersionDate "2022.10.05"]
[SourceQuality "1"]

1. e4 c5 2. Nf3 d6 3. Nc3 Nf6 4. g3 Nc6 5. Bg2 g6 6. 0-0 Bg7 7. d3 0-0 8. h3 Rb8 9. Be3 b5 10. Qd2 b4 11. Nd1 e5 12. Bh6 Ne8 13. Bxg7 Nxg7 14. Qh6 Ne6 15. Ne3 Ne7 16. Nh4 Nd4 17. Kh2 Kh8 18. Nf3 Ng8 19. Qh4 Nxf3+ 20. Bxf3 Qxh4 21. gxh4 f5 22. exf5 Bxf5 23. Bg4 Ne7 24. Kg3 h5 25. Be2 Be6 26. f3 Rf6 27. Rf2 Kg7 28. Raf1 Rbf8 29. b3 Nf5+ 30. Nxf5+ Rxf5 31. f4 exf4+ 32. Rxf4 Rxf4 33. Rxf4 Rxf4 34. Kxf4 Bxh3 35. Kg5 Bg2 36. Bd1 Bc6 37. Be2 a5 38. Bd1 Bd5 39. Be2 Bc6 40. Bd1 a4 41. Be2 a3 42. Bd1 Bd5 43. Be2 Bg2 44. Bd1 Bb7 45. Be2 Bc8 46. Bf3 Bg4 47. Bxg4 hxg4 48. Kxg4 Kh6 49. Kf4 Kh5 50. Kg3 g5 51. hxg5 Kxg5 52. Kf3 Kf5 53. Ke3 Ke5 54. Kd2 Kd4 55. Kc1 Kc3 0-1